000 00368nam a2200169Ia 4500
003 0STCL
008 150530s9999 xx 000 0 und d
040 _aSTCL
_cSTCL
100 _aVasudevan Moosath K
245 _aSree Sankaracharya Swamikal
260 _c0
300 _a0
546 _aMalayalam
942 _2ddc
_cBK
999 _c4250
_d4250
005 20220125165348.0